01238nam a2200241 i 4500001001000000003000900010005001700019007000300036008004100039040003000080082003100110100005300141245025900194260009900453264009800552300002800650336002700678337003300705338002800738650002900766651009400795651010700889000030907DO-SdBNP20230801150244.0ta110329s1958 dr r 000 0 spa d aDO-SdBNPbspacBNPHUerda 4a972.93053bT866m, 19572221 aTrujillo Molina, Héctor Bienvenido,d1908-200210aMensaje depositado el 27 de febrero de 1958 en el Congreso Nacional por el presidente de la República Dominicana general Héctor Bienvenido Trujillo Molina para darle cuenta de su gestión durante el año 1957 /cHéctor Bienvenido Trujillo Molina. aCiudad Trujillo, República Dominicana :b[Taller de Imprenta del Ejercito Nacional],c1958]. aCiudad Trujillo, República Dominicana :b[Taller de Imprenta del Ejercito Nacional],c1958. a194 páginas ;c23 cm. 2rdacontentatextobtxt 2rdamediaasin mediaciónbn 2rdacarrieravolumenbnc 4aDiscursos presidenciales 4aRepública DominicanaxHistoriayEra de Trujillo, 1930-1961xEnsayos, conferencias, etc. 4aRepública DominicanaxPolítica y gobiernoyEra de Trujillo, 1930-1961xEnsayos, conferencias, etc.